000 00880nam a2200265 a 4500
001 BRCA_8342
005 20190320210235.0
008 110714s1930----it-a###f##---#001-0#ita-#
041 _aita
044 _ait
050 4 _aND801
_b.L66 1930
100 1 _aLonghi, Roberto
_920878
245 1 0 _aGliantichi pittori spagnoli
_bcatalogo critico
_cRoberto Longhi e Augusto L. Mayer.
260 _aRoma
_bD´arte Bestetti e Tumminelli
_c1930
300 _a35 p.
_bil., 64 láminas
_c24 cm.
440 0 _aContini-Bonacossi
_v8
_920879
500 _aEsposti a Roma nella Galleria Nazionale de Arte Moderna a Valle Guilia
500 _aIncluye índice de ilustraciones
500 _aR64
650 1 4 _aPintores españoles
_vExposiciones
_920880
650 1 4 _aPintura
_vGalerías y museos
_zItalia
_920881
700 1 _aMayer, Augusto L.
_ecoaut.
_920882
902 _aGFM
942 _2lcc
_cB
999 _c8010
_d8010